000 00604nam a2200229Ia 4500
003 OSt
005 20220928100056.0
006 a|||||r|||| 00| 0
007 ta
008 220927b |||||||| |||| 00| 0 eng d
024 _a63913
037 _cTextual
040 _aSDCL
_cSDCL
_beng
041 _2eng
_aeng
082 _aV2:73'E, 152K6
100 _aE.J Rapson
_9391553
245 0 _aBhartiya itihas ke sarot sikke
260 _aVaranasi
_bChakhmamba vidhyabhawan
_c1966
300 _a96
_ccm.
942 _hV2:73'E, 152K6
_cTEXL
_2CC
999 _c707360
_d707360